01137nam a2200277 a 450000100100000000500170001000800410002704000250006808200140009324501290010726000370023630000280027349000450030150000350034650000320038150000340041350400320044770000390047970000290051870000350054770000350058271000610061783000520067895201120073099900170084200004115120201002034648.0130920s2005 sp a 000 0 spa d aDO-SdBNPbspacBNPHU axxxbxxxx00aAnticoncepción y salud reproductiva en España :bcrónica de una (r)evolución /cMagda Teresa Ruiz Salguero [et.al.]. aMadrid, España :bCSIC,c2005. a294 p. :bil. ;c28 cm.1 aEstudios ambientales y socioeconómicos aIncluye índice de gráficos aIncluye índice de cuadros aIncluye siglas y abreviaturas aBibliografía p: 286 - 2951 aRuiz Salguero, Magda Teresa9676941 aCabré Pla, Anna9143491 aCastro Martín, Teresa9676951 aSolsona Pairó, Montse9676962 aConsejo Superior de Investigación Científicas963831 0aEstudios ambientales y socioeconómicos967697 001050718MOaGRbGRcCTd2013-09-20iLF1l0oxxx xxxxp41151-10r2020-06-25w2020-06-25y1ZNo se presta c40641d40641